000 00432nam a2200157Ia 4500
008 230917s9999||||xx |||||||||||||| ||und||
020 _cRS100
040 _e32346
_aMAIN
041 _aEnglish
082 _a658.1511 M315P
100 _aMan Mohan
245 0 _aPrinciples of management accounting: Including single entry and holding company accounts
260 _aAgra
_bSahitya Bhawan
_c1992
300 _av, 239 p.
942 _cBK
999 _c65485
_d65485